NOVEL DRUG DELIVERY SYSTEMS (Record no. 22955)

MARC details
000 -LEADER
fixed length control field 00319nam a22001457a 4500
003 - CONTROL NUMBER IDENTIFIER
control field SGT
020 ## - INTERNATIONAL STANDARD BOOK NUMBER
International Standard Book Number 9781543344080
082 ## - DEWEY DECIMAL CLASSIFICATION NUMBER
Classification number 615.1
Item number N20M
100 ## - MAIN ENTRY--PERSONAL NAME
Personal name MEHETRE, GAUTAM.D
245 ## - TITLE STATEMENT
Title NOVEL DRUG DELIVERY SYSTEMS
260 ## - PUBLICATION, DISTRIBUTION, ETC. (IMPRINT)
Place of publication, distribution, etc PUNJAB
Name of publisher, distributor, etc S.VIKASH
Year of Publication 2020
300 ## - PAGE DESCRIPTION
No. of Pages 284
650 ## - SUBJECT ADDED ENTRY--TOPICAL TERM
Topical term or geographic name as entry element PHARMACY
942 ## - ADDED ENTRY ELEMENTS (KOHA)
Source of classification or shelving scheme Dewey Decimal Classification
Koha item type Books
942 ## - ADDED ENTRY ELEMENTS (KOHA)
-- 25
Holdings
Withdrawn status Lost status Source of classification or shelving scheme Damaged status Not for loan Collection code Home library Current library Shelving location Date acquired Vendor Name Cost, normal purchase price SGTU Bill Number Total Checkouts Full call number Accession No. (Barcode) Date last seen Date last borrowed Bill Date Koha item type
    Dewey Decimal Classification     PHARMACY SGT FA-FP Library SGT FA-FP Library Text Book 28/06/2022 AHUJA PUBLICATION 395.00 SGTU 14474 4 615.1 N20M FP4403 12/08/2023 12/08/2023 19/05/2022 Books
    Dewey Decimal Classification     PHARMACY SGT FA-FP Library SGT FA-FP Library Text Book 28/06/2022 AHUJA PUBLICATION 395.00 SGTU 14474 2 615.1 N20M FP4404 18/08/2023 07/08/2023 19/05/2022 Books
    Dewey Decimal Classification     PHARMACY SGT FA-FP Library SGT FA-FP Library Text Book 28/06/2022 AHUJA PUBLICATION 395.00 SGTU 14474 3 615.1 N20M FP4405 19/03/2025 17/03/2025 19/05/2022 Books
    Dewey Decimal Classification     PHARMACY SGT FA-FP Library SGT FA-FP Library Text Book 28/06/2022 AHUJA PUBLICATION 395.00 SGTU 14474 1 615.1 N20M FP4406 24/11/2025 12/11/2025 19/05/2022 Books
    Dewey Decimal Classification     PHARMACY SGT FA-FP Library SGT FA-FP Library Text Book 28/06/2022 AHUJA PUBLICATION 395.00 SGTU 14474   615.1 N20M FP4407 28/06/2022   19/05/2022 Books
    Dewey Decimal Classification     PHARMACY SGT FA-FP Library SGT FA-FP Library Text Book 28/06/2022 AHUJA PUBLICATION 395.00 SGTU 14474 9 615.1 N20M FP4408 09/04/2026 08/04/2026 19/05/2022 Books
    Dewey Decimal Classification     PHARMACY SGT FA-FP Library SGT FA-FP Library Text Book 28/06/2022 AHUJA PUBLICATION 395.00 SGTU 14474 4 615.1 N20M FP4409 21/08/2025 21/08/2025 19/05/2022 Books
    Dewey Decimal Classification     PHARMACY SGT FA-FP Library SGT FA-FP Library Text Book 28/06/2022 AHUJA PUBLICATION 395.00 SGTU 14474   615.1 N20M FP4410 28/06/2022   19/05/2022 Books
    Dewey Decimal Classification     PHARMACY SGT FA-FP Library SGT FA-FP Library Text Book 28/06/2022 AHUJA PUBLICATION 395.00 SGTU 14474   615.1 N20M FP4411 28/06/2022   19/05/2022 Books
    Dewey Decimal Classification     PHARMACY SGT FA-FP Library SGT FA-FP Library Text Book 28/06/2022 AHUJA PUBLICATION 395.00 SGTU 14474 13 615.1 N20M FP4412 15/01/2024 02/01/2024 19/05/2022 Books